| 000 | 00900nam a22002537a 4500 | ||
|---|---|---|---|
| 005 | 20160209092406.0 | ||
| 008 | 160209t2012 xx ad |r|||| 00| 0 spa d | ||
| 020 | _a9789290891895 | ||
| 040 |
_aCO-BoIAVH _cCO-BoIAVH |
||
| 041 | 0 | _aspa | |
| 082 | 0 | 4 |
_a333.9523 _bI19p |
| 245 | 1 | 0 | _aIdentificación de prioridades para la gestión nacional de las especies exóticas invasoras |
| 260 |
_a[s. l.] : _bUNESCO, _c2012. |
||
| 300 |
_a100 páginas : _bilustraciones, tablas ; _c21 x 15 cm. |
||
| 650 | 6 |
_aEspecies introducidas _xgestión |
|
| 650 | 4 |
_aEspecies exóticas _xgestión |
|
| 650 | 4 |
_aEspecies invasoras _xgestión |
|
| 700 | 1 |
_aAber, Ana _eeditora |
|
| 700 | 1 |
_aFerrari, Graciela _eeditora |
|
| 700 | 1 |
_aPorcile, Juan F. _eeditor |
|
| 700 | 1 |
_aRodríguez, Ethel _eeditor |
|
| 700 | 1 |
_aZerbino, Stella _eeditora |
|
| 942 |
_2ddc _cLIBRO |
||
| 999 |
_c18114 _d18114 |
||